[Event "FIDE Online Olympiad"]
[Site "Chess.com"]
[Date "2020.08.07"]
[EventDate "2020.08.07"]
[Round "3"]
[Result "0-1"]
[White "Mitia Randriamaharo"]
[Black "Sarocha Chuemsakul"]
[WhiteElo "1280"]
[BlackElo "1694"]
[PlyCount "68"]

1. e4 c6 2. Nc3 d5 3. d4 dxe4 4. Nxe4 Bf5 5. Nf3 Bxe4 6. Bc4
Nf6 7. Bf4 e6 8. Qe2 Be7 9. Bd3 Bxd3 10. Qxd3 O-O 11. Be5 Nbd7
12. Bf4 c5 13. O-O cxd4 14. Nxd4 e5 15. Bg5 exd4 16. Qxd4 Qa5
17. Bf4 Rad8 18. Rfe1 Bc5 19. Qd3 Qb6 20. Qg3 Nh5 21. Bc7 Nxg3
22. Bxb6 Nxb6 23. hxg3 Rd2 24. Rf1 Re8 25. Rac1 Ree2 26. a3
Bxf2+ 27. Kh1 Rd6 28. Rxf2 Rxf2 29. Re1 f6 30. Kg1 Rdd2
31. Kh2 Rxg2+ 32. Kh3 h5 33. Rh1 g5 34. Rf1 Rh2# 0-1

[Event "FIDE Online Olympiad"]
[Site "Chess.com"]
[Date "2020.08.07"]
[EventDate "2020.08.07"]
[Round "3"]
[Result "0-1"]
[White "Ahmad Abdallah Najjar"]
[Black "Sameer Mansour"]
[WhiteElo "2178"]
[BlackElo "2239"]
[PlyCount "78"]

1. e4 d6 2. d4 Nf6 3. Nc3 e5 4. dxe5 dxe5 5. Qxd8+ Kxd8 6. Bc4
Be6 7. Bxe6 fxe6 8. f3 Bd6 9. Be3 Ke7 10. Nge2 Nbd7 11. O-O-O
a6 12. Rd2 b5 13. Rhd1 h6 14. h3 g5 15. a3 Nh5 16. g4 Nf4
17. Bxf4 gxf4 18. h4 h5 19. g5 Nf8 20. Rh1 Ng6 21. Nd1 Bc5
22. b4 Bb6 23. Kb2 Rhd8 24. Rxd8 Rxd8 25. Ndc3 Rd2 26. Kb3 Bf2
27. Nc1 Nxh4 28. Rh3 Bg3 29. Nd3 Nxf3 30. Rxh5 Nd4+ 31. Kb2
Rxc2+ 32. Kb1 Rxc3 33. Nc5 f3 34. Rh7+ Kd6 35. Rh1 f2 36. g6
Bh2 37. Rf1 Bg1 38. Nxa6 Rg3 39. Rc1 c6 0-1

[Event "FIDE Online Olympiad"]
[Site "Chess.com"]
[Date "2020.08.07"]
[EventDate "2020.08.07"]
[Round "3"]
[Result "0-1"]
[White "Lennert Lenaerts"]
[Black "Richmond Phiri"]
[WhiteElo "2350"]
[BlackElo "2270"]
[PlyCount "140"]

1. d4 Nf6 2. c4 e6 3. Nc3 Bb4 4. g3 c5 5. Nf3 O-O 6. Bg2 d5
7. dxc5 dxc4 8. O-O Nc6 9. Qa4 Qe7 10. a3 Bxc5 11. Qxc4 e5
12. Bg5 Be6 13. Qa4 h6 14. Bxf6 Qxf6 15. Ne4 Qe7 16. Nxc5 Qxc5
17. Rac1 Qb6 18. b4 e4 19. Nd2 Nd4 20. Rfe1 Bg4 21. Bf1 e3
22. fxe3 Nxe2+ 23. Bxe2 Qxe3+ 24. Kg2 Bxe2 25. Qb5 Rfe8
26. Qd5 Rad8 27. Nc4 Bf1+ 28. Kh1 Bxc4 29. Qxc4 Qxe1+ 30. Rxe1
Rxe1+ 31. Kg2 Re7 32. Qc5 Re2+ 33. Kh3 b6 34. Qc7 Ra8 35. Qb7
Ree8 36. b5 Reb8 37. Qc7 g6 38. Kg4 Re8 39. Kf3 Re6 40. Qb7
Rd8 41. Qxa7 Rd3+ 42. Kf2 Rb3 43. a4 Kg7 44. Qc7 Ra3 45. Qc2
Kh7 46. Kg2 h5 47. Qf2 Kg8 48. Qc2 Rae3 49. Kf2 R3e4 50. Kf3
Re3+ 51. Kf2 Ra3 52. Qc8+ Kg7 53. Qc2 Kh7 54. Kg2 Ree3 55. Qc7
Ra2+ 56. Kf1 Rf3+ 57. Kg1 Rxa4 58. Qxb6 Rb4 59. Qc5 Rb1+
60. Kg2 Rf5 61. Qc4 Rbxb5 62. Qd4 Rfd5 63. Qf6 Rd2+ 64. Kh3
Rf5 65. Qc6 Rff2 66. Kh4 Rxh2+ 67. Kg5 Rhf2 68. g4 f6+ 69. Kh4
g5+ 70. Kh3 Rd3+ 0-1

[Event "FIDE Online Olympiad"]
[Site "Chess.com"]
[Date "2020.08.07"]
[EventDate "2020.08.07"]
[Round "3"]
[Result "0-1"]
[White "Sarah Snoeck"]
[Black "Lorita Mwango"]
[WhiteElo "1644"]
[BlackElo "1874"]
[PlyCount "84"]

1. e4 c6 2. d4 d5 3. Nc3 dxe4 4. Nxe4 Bf5 5. Ng3 Bg6 6. h4 h6
7. h5 Bh7 8. Nf3 Nd7 9. Bd3 Bxd3 10. Qxd3 Ngf6 11. Be3 Qa5+
12. Bd2 Qb6 13. O-O-O O-O-O 14. Rhe1 e6 15. Be3 Qa5 16. Qb3
Bb4 17. c3 Bd6 18. Ne2 Qxh5 19. Nd2 Nd5 20. Nc4 Bc7 21. Qa3
Nxe3 22. fxe3 Kb8 23. Kb1 Qg6+ 24. Ka1 Qxg2 25. Nc1 Qd5 26. b3
Nb6 27. e4 Nxc4 28. bxc4 Qxc4 29. Nd3 Bd6 30. Qb2 b6 31. e5
Be7 32. Rg1 Bg5 33. Nb4 Kc7 34. Rdf1 Rd7 35. Nc2 Rhd8 36. Rf3
c5 37. Na3 Qa6 38. Rd1 cxd4 39. cxd4 Kb8 40. Rc3 Rxd4 41. Rb1
Bd2 42. Rc2 Rb4 0-1

[Event "FIDE Online Olympiad"]
[Site "Chess.com"]
[Date "2020.08.07"]
[EventDate "2020.08.07"]
[Round "3"]
[Result "0-1"]
[White "Constance Mbatha"]
[Black "Diana Musabayeva"]
[WhiteElo "1647"]
[BlackElo "1517"]
[PlyCount "72"]

1. e4 c5 2. Nc3 d6 3. f4 Nf6 4. Nf3 a6 5. Be2 e6 6. O-O Be7
7. h3 O-O 8. d4 cxd4 9. Qxd4 Nbd7 10. Be3 Qc7 11. Kh1 b5
12. a3 Bb7 13. Rad1 Rfd8 14. e5 Nd5 15. Nxd5 Bxd5 16. Qd2 dxe5
17. fxe5 Nxe5 18. Qe1 Nxf3 19. Bxf3 Bxf3 20. gxf3 Rxd1
21. Qxd1 Qg3 22. Qe2 Qxh3+ 23. Kg1 Rc8 24. Rf2 Bc5 25. Rh2
Qg3+ 26. Rg2 Qh4 27. c3 Qf4 28. Bxc5 Rxc5 29. Rg4 Qc1+ 30. Kg2
Rh5 31. Kg3 Qg1+ 32. Qg2 Qe1+ 33. Qf2 Rh3+ 34. Kxh3 Qxf2
35. Rg2 Qxf3+ 36. Kh2 f5 0-1

[Event "FIDE Online Olympiad"]
[Site "Chess.com"]
[Date "2020.08.07"]
[EventDate "2020.08.07"]
[Round "3"]
[Result "0-1"]
[White "Lubuuto Bwalya Mulwale"]
[Black "Tyani De Rycke"]
[WhiteElo "1702"]
[BlackElo "1924"]
[PlyCount "96"]

1. d4 d5 2. c4 e6 3. Nc3 Nf6 4. e3 Be7 5. Nf3 O-O 6. Be2 b6
7. cxd5 exd5 8. O-O Bf5 9. Bd2 c5 10. Rc1 c4 11. h3 Nc6 12. b3
Ba3 13. bxc4 Bxc1 14. Bxc1 dxc4 15. Bxc4 Rc8 16. Bd3 Bxd3
17. Qxd3 Nb4 18. Qd2 Nbd5 19. Ne2 Ne4 20. Qd3 Nec3 21. Nxc3
Rxc3 22. Qf5 g6 23. Qe4 Re8 24. Qb1 Qc7 25. Bd2 Rc2 26. Qb3
Qc4 27. Qxc4 Rxc4 28. a3 Ra4 29. Ra1 b5 30. Ne5 b4 31. e4 Nc3
32. f3 Ne2+ 33. Kf2 Nxd4 34. Bxb4 Rxe5 35. Bc3 Rc5 36. Bb4
Rc2+ 37. Ke3 Nc6 38. Bd2 Ne5 39. Bb4 Nc4+ 40. Kd3 Rb2 41. Kxc4
Rbxb4+ 42. Kc3 Rc4+ 43. Kb3 Rd4 44. Rc1 Ra6 45. Rc3 Rd2 46. g3
Rb6+ 47. Kc4 Rc6+ 48. Kb4 Rb2+ 0-1

[Event "FIDE Online Olympiad"]
[Site "Chess.com"]
[Date "2020.08.07"]
[EventDate "2020.08.07"]
[Round "3"]
[Result "0-1"]
[White "Jack Mizzi"]
[Black "Hugo Fowler"]
[WhiteElo "1543"]
[BlackElo "1686"]
[PlyCount "158"]

1. d4 Nf6 2. c4 g6 3. g3 Bg7 4. Bg2 d5 5. Nf3 O-O 6. cxd5 Nxd5
7. e4 Nb6 8. h3 Nc6 9. d5 Ne5 10. Nxe5 Bxe5 11. O-O e6 12. f4
Bg7 13. Nc3 exd5 14. exd5 Re8 15. a4 Nc4 16. Qd3 Nd6 17. g4
Bd7 18. Be3 Nc4 19. Bc1 Nd6 20. b4 Qf6 21. Bb2 Qd4+ 22. Qxd4
Bxd4+ 23. Kh2 Nc4 24. Rad1 Bxc3 25. Bxc3 Ne3 26. Be5 Nxf1+
27. Bxf1 Bxa4 28. Rc1 Rad8 29. Bc4 c6 30. d6 Rd7 31. Ra1 b5
32. Ba2 Red8 33. f5 Rxd6 34. Bxd6 Rxd6 35. fxg6 hxg6 36. Kg3
g5 37. Bb1 Rd1 38. h4 gxh4+ 39. Kxh4 Bc2 40. Rxa7 Rxb1 41. Kg5
Kg7 42. Rc7 Be4 43. Kf4 Bd5 44. Ke5 Rxb4 45. g5 Rb1 46. Kd4
Kg6 47. Kc3 Kxg5 48. Kc2 Rf1 49. Kc3 f5 50. Kd4 Kf4 51. Rc8
Kf3 52. Rf8 f4 53. Ke5 Ke3 54. Ra8 f3 55. Ra3+ Kf2 56. Kf4 Kg2
57. Rd3 Re1 58. Kg4 Re4+ 59. Kf5 f2 60. Rd2 Kg1 61. Rd1+ f1=Q+
62. Rxf1+ Kxf1 63. Kf6 b4 64. Kf5 b3 65. Kg5 b2 66. Kf5 b1=Q
67. Kg5 Qc1+ 68. Kf6 Qf4+ 69. Kg6 Re6+ 70. Kg7 Qf7+ 71. Kxf7
c5 72. Kg7 c4 73. Kf7 c3 74. Kg7 c2 75. Kf7 c1=Q 76. Kf8 Qf4+
77. Kg7 Qf6+ 78. Kh7 Qg6+ 79. Kh8 Re8# 0-1

[Event "FIDE Online Olympiad"]
[Site "Chess.com"]
[Date "2020.08.07"]
[EventDate "2020.08.07"]
[Round "3"]
[Result "0-1"]
[White "Venetia Sivarajasingam"]
[Black "Milena Stagno"]
[WhiteElo "1713"]
[BlackElo "1309"]
[PlyCount "64"]

1. e4 c5 2. Nf3 Nc6 3. Bb5 g6 4. O-O Bg7 5. c3 e6 6. d4 cxd4
7. cxd4 d5 8. e5 Ne7 9. Nc3 O-O 10. Nh4 a6 11. Bxc6 Nxc6
12. Be3 Qxh4 13. Qd2 Qd8 14. Bg5 Qb6 15. Rad1 Bd7 16. h4 f6
17. exf6 Bxf6 18. Bh6 Bg7 19. h5 Ne7 20. Bxg7 Kxg7 21. h6+ Kg8
22. Qe3 Nc6 23. Ne2 Rae8 24. Nf4 Re7 25. Qg3 Nxd4 26. Qg5 Nc6
27. Rd3 Ref7 28. Nxg6 hxg6 29. Qxg6+ Kh8 30. Rf3 Ne5 31. Qg5
Nxf3+ 32. gxf3 Rg8 0-1

[Event "FIDE Online Olympiad"]
[Site "Chess.com"]
[Date "2020.08.07"]
[EventDate "2020.08.07"]
[Round "3"]
[Result "0-1"]
[White "Ahmed Abdulsattar A Abdulwahhab"]
[Black "Nderim Saraci"]
[WhiteElo "2211"]
[BlackElo "2480"]
[PlyCount "134"]

1. e4 g6 2. h4 h5 3. Nf3 Bg7 4. Bc4 d6 5. Ng5 e6 6. Bb3 Nc6
7. c3 Nf6 8. f3 d5 9. d4 dxe4 10. fxe4 O-O 11. O-O Ng4 12. e5
Na5 13. Bc2 c5 14. Qd3 cxd4 15. cxd4 Nc6 16. Nf3 Qb6 17. Kh1
Bd7 18. Nc3 Nb4 19. Qe2 Nxc2 20. Qxc2 Bc6 21. Bg5 Rac8 22. Qd2
Rc7 23. Rae1 Rd7 24. Qf4 Qxb2 25. Ne4 Bxe4 26. Rxe4 Nf2+
27. Kg1 Nxe4 28. Qxe4 Rc8 29. Rf2 Qc3 30. Kh2 b5 31. Qf4 Rc4
32. Bh6 Rcxd4 33. Nxd4 Qxd4 34. Bxg7 Qxf4+ 35. Rxf4 Kxg7
36. a4 a6 37. axb5 axb5 38. Kg3 Rd5 39. Re4 Rc5 40. Re2 b4
41. Kf4 Rc4+ 42. Kg3 Rc3+ 43. Kf4 b3 44. Rb2 Rc2 45. Rxb3 Rxg2
46. Rh3 Rf2+ 47. Ke4 Rf5 48. Rd3 Kh6 49. Rd8 Rf1 50. Rd4 g5
51. hxg5+ Kxg5 52. Rd8 Re1+ 53. Kf3 Rxe5 54. Rg8+ Kh4 55. Rg7
Rf5+ 56. Ke4 Kh3 57. Rh7 h4 58. Rh8 Kg3 59. Rg8+ Kh2 60. Ke3
h3 61. Ke2 e5 62. Rg4 Rf4 63. Rg5 f6 64. Rg6 f5 65. Ke3 Rg4
66. Rf6 Kg1 67. Rxf5 h2 0-1

[Event "FIDE Online Olympiad"]
[Site "Chess.com"]
[Date "2020.08.07"]
[EventDate "2020.08.07"]
[Round "3"]
[Result "0-1"]
[White "Jaza Jamal Ahmed"]
[Black "Endrit Uruci"]
[WhiteElo "1980"]
[BlackElo "2180"]
[PlyCount "40"]

1. e4 d5 2. exd5 Qxd5 3. Nc3 Qd6 4. d4 Nf6 5. h3 Bf5 6. Nf3 e6
7. Bg5 Be7 8. Bd3 Bxd3 9. Qxd3 Nbd7 10. O-O-O c6 11. Rhe1
O-O-O 12. Qe2 Qc7 13. Kb1 Kb8 14. g3 h6 15. Bc1 Ka8 16. Qc4
Rc8 17. Qe2 Rhd8 18. g4 Qb6 19. Nd2 Nd5 20. Nf3 Nxc3+ 0-1

[Event "FIDE Online Olympiad"]
[Site "Chess.com"]
[Date "2020.08.07"]
[EventDate "2020.08.07"]
[Round "2"]
[Result "0-1"]
[White "Danitza Vazquez Maccarini"]
[Black "Daniela Cordero"]
[WhiteElo "2014"]
[BlackElo "1981"]
[PlyCount "148"]

1. e4 e6 2. d4 d5 3. Nd2 a6 4. e5 c5 5. c3 Nc6 6. Ngf3 Nge7
7. Bd3 cxd4 8. cxd4 Nf5 9. Bxf5 exf5 10. Nb3 Be7 11. O-O O-O
12. Ne1 a5 13. f4 a4 14. Nc5 Qa5 15. Be3 Bxc5 16. dxc5 d4
17. Bf2 Qxc5 18. Nf3 Rd8 19. Rc1 Qb6 20. Rc4 Be6 21. Rxa4 Rxa4
22. Qxa4 Qxb2 23. Rd1 Bxa2 24. Rd2 Qb1+ 25. Be1 Bd5 26. Kf2
Qe4 27. Re2 Qxf4 28. Bd2 Qg4 29. h3 Qg6 30. Ba5 Re8 31. Qb5
Bxf3 32. gxf3 f4 33. Ke1 Qg3+ 34. Kd2 Qxf3 35. Qxb7 Qd5
36. Bb6 g5 37. Qa6 Rxe5 38. Rxe5 Nxe5 39. Qc8+ Kg7 40. Bd8 h6
41. Qa6 Qe6 42. Qb5 Nf3+ 43. Kc2 Qe4+ 44. Kb2 d3 45. Ba5 d2
46. Bc3+ f6 47. Qd7+ Kg6 48. Bxd2 Nxd2 49. Qxd2 Qe5+ 50. Kb3
Qe6+ 51. Kb4 Qxh3 52. Qc2+ Qf5 53. Qc6 g4 54. Qe8+ Kg5
55. Qg8+ Kh4 56. Qf8 h5 57. Qe7 Qe5 58. Qb7 g3 59. Qh1+ Kg4
60. Qd1+ f3 61. Qd7+ Kh4 62. Qd1 g2 63. Ka4 Qf4+ 64. Ka5 f2
65. Qd7 f1=Q 66. Qd4 Q1f2 67. Qd8 Qf5+ 68. Ka6 Qa2+ 69. Kb7
Qb3+ 70. Kc6 Qa4+ 71. Kb7 Qab5+ 72. Ka8 Qfd5+ 73. Ka7 Qa5+
74. Qxa5 Qxa5+ 0-1

[Event "FIDE Online Olympiad"]
[Site "Chess.com"]
[Date "2020.08.08"]
[EventDate "2020.08.07"]
[Round "4"]
[Result "0-1"]
[White "Hoi Yau Ashley Cheung"]
[Black "Kun Fang"]
[WhiteElo "1119"]
[BlackElo "1495"]
[PlyCount "130"]

1. d4 d5 2. c4 c6 3. cxd5 cxd5 4. Nc3 Nf6 5. g3 Nc6 6. Bg2 e6
7. Bg5 Be7 8. Nf3 h6 9. Bd2 O-O 10. O-O b6 11. Ne5 Bb7 12. f4
Nxd4 13. e3 Nc6 14. Qc2 Nxe5 15. fxe5 Nd7 16. e4 d4 17. Ne2
Nxe5 18. Nxd4 Qxd4+ 19. Kh1 Rac8 20. Bc3 Qd3 21. Qf2 Bf6
22. Rad1 Qb5 23. Qd4 Rfd8 24. Qe3 Rxd1 25. Rxd1 Ng4 26. Qf3
Bxc3 27. Qxg4 Qxb2 28. Qf3 Bf6 29. Qb3 Qxb3 30. axb3 Rc3
31. b4 Rc4 32. b5 Bxe4 33. Bxe4 Rxe4 34. Rd7 Ra4 35. Kg1 Ra5
36. Kh1 Kf8 37. Kg2 Ke8 38. Rb7 Rxb5 39. Rxa7 Rb2+ 40. Kf3
Rxh2 41. Ke4 b5 42. Rb7 Rb2 43. g4 b4 44. Ke3 b3 45. Rb8+ Kd7
46. Rb4 Rb1 47. Rb7+ Kc6 48. Rb4 b2 49. g5 hxg5 50. Rc4+ Kb5
51. Rc2 Re1+ 52. Kd2 Rh1 53. Rxb2+ Bxb2 54. Ke3 f5 55. Kf3 e5
56. Kg3 f4+ 57. Kg2 Ra1 58. Kf3 Kc4 59. Kg4 e4 60. Kf5 f3
61. Kxe4 f2 62. Kf5 f1=Q+ 63. Kxg5 Ra5+ 64. Kg4 Qg2+ 65. Kh4
Bf6# 0-1

[Event "FIDE Online Olympiad"]
[Site "Chess.com"]
[Date "2020.08.08"]
[EventDate "2020.08.07"]
[Round "4"]
[Result "0-1"]
[White "Fy Antenaina Rakotomaharo"]
[Black "Nderim Saraci"]
[WhiteElo "2370"]
[BlackElo "2480"]
[PlyCount "102"]

1. d4 Nf6 2. Nf3 g6 3. Bg5 Bg7 4. c3 d5 5. Nbd2 O-O 6. e3 Bg4
7. h3 Bxf3 8. Nxf3 c5 9. Bd3 Nc6 10. O-O Qb6 11. Rb1 Rfe8
12. Bc2 Rad8 13. b4 cxb4 14. cxb4 a6 15. Qe2 Rc8 16. b5 axb5
17. Qxb5 Qa7 18. Bxf6 Bxf6 19. Qxd5 Nb4 20. Rxb4 Rxc2 21. a4
Ra8 22. e4 e6 23. Qb3 Rc7 24. e5 Be7 25. Rb5 Qxa4 26. Rxb7
Qxb3 27. Rxb3 Ra2 28. g4 Rcc2 29. Rb7 Kf8 30. Kg2 h6 31. Kg3
Rc3 32. Rb8+ Kg7 33. Rb7 Raa3 34. Rxe7 Rxf3+ 35. Kg2 Rfd3
36. Rd7 Ra4 37. Rb1 Raxd4 38. Rxd4 Rxd4 39. Rb5 g5 40. Kg3
Rd3+ 41. f3 Kg6 42. Ra5 h5 43. h4 hxg4 44. hxg5 gxf3 45. Ra7
Re3 46. Ra5 Kxg5 47. Kf2 Kf4 48. Ra7 Re2+ 49. Kf1 Rxe5
50. Rxf7+ Rf5 51. Ra7 e5 0-1

[Event "FIDE Online Olympiad"]
[Site "Chess.com"]
[Date "2020.08.08"]
[EventDate "2020.08.07"]
[Round "4"]
[Result "0-1"]
[White "Toavina Razanadrakotoarisoa"]
[Black "Endrit Uruci"]
[WhiteElo "1933"]
[BlackElo "2180"]
[PlyCount "122"]

1. e4 d5 2. exd5 Qxd5 3. Nc3 Qd6 4. d4 Nf6 5. Nf3 a6 6. Ne5
Nc6 7. Nxc6 Qxc6 8. Be3 e6 9. a3 Be7 10. h4 h5 11. Qf3 Qxf3
12. gxf3 b5 13. Ne4 Bb7 14. Bd3 g6 15. Ke2 Rd8 16. a4 b4
17. a5 Nd5 18. Nd2 O-O 19. Nb3 Kg7 20. Rag1 Rd7 21. Rh2 Rfd8
22. Rhg2 Nxe3 23. fxe3 Bd5 24. Nd2 c5 25. c3 bxc3 26. bxc3
cxd4 27. exd4 Bxh4 28. Bxa6 Ra7 29. Bd3 Rxa5 30. Rh2 Bf6
31. Ke3 Ra3 32. Nb1 Ra1 33. Rhg2 h4 34. Nd2 Rxg1 35. Rxg1 Kf8
36. Ne4 Be7 37. c4 Bc6 38. Rh1 f5 39. Nd2 Bf6 40. Nb3 Ba4
41. Bc2 Bxb3 42. Bxb3 Bxd4+ 43. Kf4 Bf6 44. c5 Kf7 45. Re1 g5+
46. Ke3 Bc3 47. Re2 Bd4+ 48. Kd3 Bxc5+ 49. Kc4 Be7 50. Re5 Bf6
51. Re2 g4 52. fxg4 fxg4 53. Kc5 Re8 54. Kd6 Kg7 55. Bxe6 g3
56. Re4 Kh6 57. Rg4 Kh5 58. Rf4 Rxe6+ 59. Kxe6 g2 60. Kxf6
g1=Q 61. Rf5+ Kh6 0-1

[Event "FIDE Online Olympiad"]
[Site "Chess.com"]
[Date "2020.08.08"]
[EventDate "2020.08.07"]
[Round "4"]
[Result "0-1"]
[White "Ali Layth Ahmed Ahmed"]
[Black "Jason Garcia"]
[WhiteElo "2216"]
[BlackElo "2067"]
[PlyCount "116"]

1. d4 Nf6 2. c4 c5 3. d5 e6 4. Nc3 exd5 5. cxd5 d6 6. e4 g6
7. Nf3 a6 8. a4 Bg4 9. Be2 Bg7 10. O-O O-O 11. h3 Bxf3
12. Bxf3 Nbd7 13. Bf4 Qc7 14. Re1 Rfe8 15. Rc1 Ne5 16. Be2
Nfd7 17. Be3 Nf8 18. Qd2 Rab8 19. Kh1 c4 20. f4 Ned7 21. Bd4
b5 22. axb5 axb5 23. b4 Bxd4 24. Qxd4 Qb6 25. Qd2 Nf6 26. Bf3
N8d7 27. Ra1 Ra8 28. Rxa8 Rxa8 29. e5 Ne8 30. Bg4 f5 31. exf6
Ndxf6 32. Be6+ Kg7 33. f5 Ra3 34. fxg6 hxg6 35. Kh2 Rb3
36. Ne4 Nxe4 37. Rxe4 Rb1 38. Qg5 Qg1+ 39. Kg3 Rb3+ 40. Kh4
Qf2+ 41. g3 Qf6 42. Qxf6+ Nxf6 43. Rf4 Rxb4 44. Kg5 Nh7+
45. Kg4 c3 46. Rxb4 c2 47. Rxb5 c1=Q 48. Rb7+ Kh6 49. h4 Nf6+
50. Kf3 Qf1+ 51. Ke3 Qg1+ 52. Kf3 Qd1+ 53. Kg2 Qe2+ 54. Kh3
Ne4 55. Bg8 Nf2+ 56. Kg2 Ng4+ 57. Kh3 Qf1+ 58. Kxg4 Qf5# 0-1

[Event "FIDE Online Olympiad"]
[Site "Chess.com"]
[Date "2020.08.08"]
[EventDate "2020.08.07"]
[Round "4"]
[Result "0-1"]
[White "Yamama Asif Abdula Al-Fayyadh"]
[Black "Shayanna Sivarajasingam"]
[WhiteElo "1609"]
[BlackElo "1709"]
[PlyCount "102"]

1. e4 e6 2. d3 d5 3. Nd2 dxe4 4. dxe4 Nc6 5. Ngf3 Bc5 6. Bb5
Bd7 7. O-O Nf6 8. Qe2 Qe7 9. Nb3 Bb6 10. Bg5 e5 11. a4 a6
12. Bc4 O-O 13. c3 Rfe8 14. Nbd2 Be6 15. Bd3 Bg4 16. h3 Bh5
17. g4 Bg6 18. Rfe1 Nb8 19. Nf1 Nbd7 20. Ng3 Qe6 21. Nf5 Bxf5
22. exf5 Qc6 23. Be4 Nxe4 24. Qxe4 Qxe4 25. Rxe4 f6 26. Bh4
Nc5 27. Ree1 Rad8 28. Rad1 Nxa4 29. Rxd8 Rxd8 30. Re2 Rd1+
31. Kg2 Rb1 32. Nd2 Rxb2 33. Kf3 Nxc3 34. Re1 Rxd2 35. Rc1 Nd5
36. Bg3 a5 37. Re1 a4 38. g5 a3 39. gxf6 gxf6 40. Ke4 a2
41. f4 Rb2 42. Ra1 Nc3+ 43. Kd3 Rb1 44. Rxa2 Nxa2 45. fxe5
fxe5 46. Bxe5 Rh1 47. Ke4 Rxh3 48. Kd5 Kf7 49. Bh8 Nb4+
50. Ke5 Nc6+ 51. Ke4 Ne7 0-1

[Event "FIDE Online Olympiad"]
[Site "Chess.com"]
[Date "2020.08.08"]
[EventDate "2020.08.07"]
[Round "4"]
[Result "0-1"]
[White "Matthew Fleri"]
[Black "Geoffrey Luanja"]
[WhiteElo "1557"]
[BlackElo "2287"]
[PlyCount "48"]

1. d4 d5 2. Bf4 Nf6 3. e3 c5 4. c3 Nc6 5. Nd2 e6 6. Ngf3 cxd4
7. exd4 Nh5 8. Be3 Bd6 9. Ne5 g6 10. Ndf3 O-O 11. Bd3 Qc7
12. Nxc6 bxc6 13. h4 Rb8 14. Rb1 Nf4 15. Bxf4 Bxf4 16. h5 Qa5
17. Ne5 Bxe5 18. dxe5 d4 19. hxg6 fxg6 20. Rxh7 Qxe5+ 21. Kf1
Kxh7 22. cxd4 Qf6 23. Qh5+ Kg7 24. Qc5 Qxf2# 0-1

[Event "FIDE Online Olympiad"]
[Site "Chess.com"]
[Date "2020.08.08"]
[EventDate "2020.08.07"]
[Round "4"]
[Result "0-1"]
[White "Daisy Simenda"]
[Black "Oana Caruana Pulpan"]
[WhiteElo "1502"]
[BlackElo "1873"]
[PlyCount "84"]

1. e4 c5 2. c3 d5 3. e5 d4 4. Nf3 e6 5. cxd4 cxd4 6. Qa4+ Nc6
7. Bb5 Bd7 8. Bxc6 Bxc6 9. Qb3 Bc5 10. O-O Ne7 11. Na3 O-O
12. h3 Ng6 13. Nc2 Bd5 14. Qd3 Nf4 15. Qb5 Bxf3 16. Qxc5 Ne2+
17. Kh2 Rc8 18. Qa3 Bxg2 19. Kxg2 Rxc2 20. Kh2 Qc7 21. Qd6 Rc8
22. d3 Nxc1 23. Qxd4 Ne2 24. Qe4 Qb6 25. b3 Nd4 26. h4 Nf5
27. Qf4 Qd4 28. Qxd4 Nxd4 29. Kg3 h6 30. f4 Nf5+ 31. Kh3 Rd2
32. Rad1 Rcc2 33. Rxd2 Rxd2 34. Rf3 Rxa2 35. d4 Nxd4 36. Rd3
Ne2 37. Rd8+ Kh7 38. Rd7 Nxf4+ 39. Kg4 Ng6 40. Rxb7 Nxe5+
41. Kf4 f6 42. Re7 Ng6+ 0-1

[Event "FIDE Online Olympiad"]
[Site "Chess.com"]
[Date "2020.08.08"]
[EventDate "2020.08.07"]
[Round "4"]
[Result "0-1"]
[White "Chola Musonda"]
[Black "Jack Mizzi"]
[WhiteElo "2044"]
[BlackElo "1543"]
[PlyCount "40"]

1. e4 c6 2. d4 d5 3. Nc3 dxe4 4. Nxe4 Nd7 5. Ng5 Ngf6 6. Bc4
e6 7. Bb3 h6 8. N5f3 Be7 9. Ne2 O-O 10. O-O c5 11. c3 b6
12. Nf4 Ba6 13. Re1 c4 14. Bc2 Nd5 15. Qe2 N7f6 16. Nxe6 fxe6
17. Qxe6+ Kh8 18. Nh4 g5 19. Ng6+ Kg7 20. Nxe7 Re8 0-1

[Event "FIDE Online Olympiad"]
[Site "Chess.com"]
[Date "2020.08.08"]
[EventDate "2020.08.07"]
[Round "4"]
[Result "0-1"]
[White "Milena Stagno"]
[Black "Lubuuto Bwalya Mulwale"]
[WhiteElo "1309"]
[BlackElo "1702"]
[PlyCount "96"]

1. e4 c5 2. c3 d6 3. d4 cxd4 4. cxd4 Nf6 5. Nc3 g6 6. Nf3 Bg7
7. Be3 O-O 8. Bd3 Nc6 9. O-O Bd7 10. Qd2 Ng4 11. h3 Nxe3
12. Qxe3 a6 13. a3 Rc8 14. Rac1 Qb6 15. Ne2 Qxb2 16. Rb1 Qxa3
17. Rxb7 Be8 18. d5 Nb4 19. Rd1 e6 20. dxe6 fxe6 21. Nfd4 Bf7
22. Rb6 Nxd3 23. Qxd3 Qc5 24. Rxa6 e5 25. Nb3 Bxb3 26. Qxb3+
Kh8 27. Raxd6 Rxf2 28. Qc3 Qxc3 29. Nxc3 Rff8 30. Nd5 Bh6
31. Re6 Bf4 32. Rf1 Kg7 33. Re7+ Kh6 34. g4 Rc2 35. Nxf4 exf4
36. e5 f3 37. e6 Rg2+ 38. Kh1 Rg3 39. Kh2 Rg2+ 40. Kh1 Re2
41. Kg1 Rf6 42. Kh1 Kg5 43. Rxh7 Rexe6 44. Kh2 Kf4 45. Rf2 Re2
46. Kg1 Kg3 47. Rxe2 fxe2 48. Re7 Rf1# 0-1

[Event "FIDE Online Olympiad"]
[Site "Chess.com"]
[Date "2020.08.08"]
[EventDate "2020.08.07"]
[Round "4"]
[Result "0-1"]
[White "Faisal Khairallah"]
[Black "Bart Michiels"]
[WhiteElo "2226"]
[BlackElo "2550"]
[PlyCount "84"]

1. d4 d5 2. Bf4 e6 3. e3 Nf6 4. Nd2 c5 5. c3 Nc6 6. Ngf3 Be7
7. Ne5 Nd7 8. Qg4 g6 9. Nxc6 bxc6 10. Bh6 Qb6 11. Rb1 Rb8
12. Be2 Ba6 13. O-O Nf6 14. Qf3 Ne4 15. Rfd1 Ng5 16. Bxg5 Bxe2
17. Qxe2 Bxg5 18. Nf3 Bf6 19. dxc5 Qxc5 20. e4 O-O 21. e5 Bg7
22. Rd4 Rb7 23. h3 Rfb8 24. Nh2 Qe7 25. b3 c5 26. Ra4 c4
27. b4 Qc7 28. Nf3 a5 29. a3 Ra7 30. Qe3 Qd7 31. b5 Rxb5
32. Rxb5 Qxb5 33. Qxa7 Qxa4 34. Ng5 Qe8 35. f4 a4 36. h4 Bf8
37. h5 Bxa3 38. hxg6 hxg6 39. Qf2 Be7 40. Nf3 a3 41. g4 Qa8
42. f5 a2 0-1

[Event "FIDE Online Olympiad"]
[Site "Chess.com"]
[Date "2020.08.08"]
[EventDate "2020.08.07"]
[Round "4"]
[Result "0-1"]
[White "Lennert Lenaerts"]
[Black "Maroun Tomb"]
[WhiteElo "2350"]
[BlackElo "2177"]
[PlyCount "60"]

1. d4 d6 2. e4 Nf6 3. Nc3 e5 4. dxe5 dxe5 5. Qxd8+ Kxd8 6. Nf3
Bd6 7. Be3 h6 8. O-O-O Ke7 9. Nd2 Be6 10. f3 Nbd7 11. Nc4 a6
12. Nxd6 cxd6 13. g4 Rac8 14. h4 b5 15. a3 Rc6 16. Nd5+ Bxd5
17. exd5 Rc7 18. Be2 Rhc8 19. c3 Rb8 20. g5 hxg5 21. hxg5 Ne8
22. f4 a5 23. Kd2 b4 24. axb4 axb4 25. c4 exf4 26. Bxf4 Nc5
27. Rde1 Kd8 28. Bg4 Re7 29. Rxe7 Kxe7 30. Ra1 Nb3+ 0-1

[Event "FIDE Online Olympiad"]
[Site "Chess.com"]
[Date "2020.08.08"]
[EventDate "2020.08.07"]
[Round "4"]
[Result "0-1"]
[White "Elena Nekrasova"]
[Black "Annelies Cuvelier"]
[WhiteElo "1920"]
[BlackElo "1696"]
[PlyCount "94"]

1. e4 e5 2. Nf3 Nc6 3. Bb5 a6 4. Ba4 Nf6 5. O-O b5 6. Bb3 Be7
7. Re1 d6 8. c3 O-O 9. h3 Na5 10. Bc2 c5 11. d4 Qc7 12. Nbd2
Rd8 13. Nf1 Be6 14. d5 Bd7 15. Ng3 c4 16. Nh4 Nb7 17. Nhf5
Bxf5 18. Nxf5 Ne8 19. Qg4 Bf6 20. h4 g6 21. Re3 Ng7 22. Nh6+
Kh8 23. Rf3 Nh5 24. Qh3 Rf8 25. Bg5 Bxg5 26. hxg5 Qe7 27. Qh4
Nc5 28. g3 Rae8 29. Kg2 f6 30. Nf5 Qd8 31. Rh1 fxg5 32. Qg4
Qd7 33. Qxg5 gxf5 34. Rxh5 fxe4 35. Rxf8+ Rxf8 36. Qh4 Qf7
37. Bxe4 Nxe4 38. Qxe4 Qxh5 39. a4 Qf5 40. Qe3 e4 41. axb5
axb5 42. Qd4+ Kg8 43. Qb6 Qf3+ 44. Kg1 Rf6 45. Qd8+ Kg7
46. Qe7+ Kg6 47. Qe8+ Kh6 0-1

[Event "FIDE Online Olympiad"]
[Site "Chess.com"]
[Date "2020.08.08"]
[EventDate "2020.08.07"]
[Round "4"]
[Result "0-1"]
[White "Sarah Snoeck"]
[Black "Maya Jalloul"]
[WhiteElo "1644"]
[BlackElo "1876"]
[PlyCount "62"]

1. e4 c5 2. Nc3 a6 3. f4 g6 4. Nf3 Bg7 5. d3 e6 6. g3 Ne7
7. Bg2 Nbc6 8. O-O O-O 9. e5 b6 10. Ne4 d5 11. exd6 Nf5
12. Re1 Nxd6 13. c3 Bb7 14. Qb3 Nf5 15. Nxc5 Na5 16. Nxb7 Nxb3
17. Nxd8 Nxa1 18. Nc6 Rac8 19. Nce5 Rfd8 20. d4 b5 21. g4 Nc2
22. Re2 Nfxd4 23. cxd4 Nxd4 24. Re1 Rxc1 25. Rxc1 Ne2+ 26. Kf2
Nxc1 27. Ke3 Nxa2 28. Nc6 Rd6 29. Nfd4 Nb4 30. Nxb4 Bxd4+
31. Ke2 Bxb2 0-1